| 000 | 00528nam a22000977a 4500 | ||
|---|---|---|---|
| 008 | 160617b xxu||||| |||| 00| 0 eng d | ||
| 245 | _aSUPREME COURT CIVIL APPEAL no.64 of 1995. 1.Salim Jamal.2.Shabir Abji.3.Alnoor Jamal. Versus 1.Uganda Oxygen ltd.2.Oxyco Holding ltd.3.B.E.Shamji. | ||
| 260 | _aSupreme Court Kampala | ||
| 500 | _3(Coram:Odoki,J.S.C.,Oder, J.S.C., and Karokora, J.S.C.) | ||
| 500 | _3(Apeal from judgment and orders of the High Court of uganda at kampala(Egonda Ntende J.)dated 12.12.1995 in H.C.C.S. no.282 of 1994) | ||
| 999 |
_c8434 _d8434 |
||